000 00280nam a22001337a 4500
008 211019b ||||| |||| 00| 0 eng d
041 _aeng
080 _a941
082 _a941
100 _a16
101 _aSHH
245 _aA History of the World
_cPerry,M
942 _2udc
_cBK
999 _c58277
_d58277